Ya puedo hacerlo: juegos fáciles de coordinación para niños de 4 a 6 años. Libro 1

Na minha lista:
Detalhes bibliográficos
Autor principal: Junga, Michael (Author)
Formato: Livro
Idioma:espanhol
Publicado em: Barcelona IMGESA 1990
Edição:8a. ed
Colecção:Libros Mini Arco
Assuntos:
Tags: Adicionar Tag
Sem tags, seja o primeiro a adicionar uma tag!

MARC

LEADER 00000nam a2200000 a 4500
001 UCN2109
003 CL-VaPUC
008 010511e19900000SP |||||||||||||||||spa|d
082 0 4 |a 372.21  |b JUN  |2 21 
100 0 |a Junga, Michael  |e author  |9 457718 
245 1 0 |a Ya puedo hacerlo: juegos fáciles de coordinación para niños de 4 a 6 años. Libro 1 
250 |a 8a. ed 
300 |a 14 p 
942 |c BK 
945 |d 20010511 00:00:00  |a cmena 
260 |a Barcelona  |b IMGESA  |c 1990 
500 |a Incluye bolsillo con 7 fichas de ejercicios 
650 0 |a Ejercicios   |9 269807 
650 0 |a Educación preescolar  |9 260381 
650 7 |a EDUCACION PSICOMOTRIZ  |2 CL-VaPUC  |9 307559 
650 0 |a Métodos de enseñanza  |9 270413 
650 7 |a PSICOMOTRICIDAD  |2 CL-VaPUC  |9 241072 
583 |a last modification  |c 20010511 00:00:00  |k Rodrigo Vera 
490 0 |a Libros Mini Arco 
999 |c 295266  |d 295264 
952 |0 0  |1 0  |2 ddc  |4 0  |6 372_210000000000000_JUN_1990  |7 0  |8 A  |9 348241  |a BIBEDU  |b BIBEDU  |c GEN  |d 2019-11-20  |i 3722813  |o 372.21 JUN 1990  |p 3722813  |r 2019-11-20  |w 2019-11-20  |y BK  |k EPE